000 00508nam a2200205Ia 4500
003 OSt
005 20230329141610.0
008 210423s2006 xx 000 0 und d
020 _a1845111915
040 _cAL
041 _aeng
082 _a791.437 KHAL
100 _aKHATIB (Lina).
_979602
245 _aFilming the modern middle east.
260 _aNew Delhi
_bI B Tauris
_c2006
300 _axii,242
_bPB
365 _b1382
_cINR
906 _aeast. ; Filming ; middle ; modern
942 _2ddc
_cBK
999 _c156380
_d156380